00675nam a2200253 a 4500001001300000003000900013005001700022008004100039020001000080082001500090100001700105245003400122260002300156300000900179500003500188505001000223650001100233700001500244700001700259902000800276942000700284952011500291999001500406nice12345678IN_TiNIC20260116011843.0050524s1963 lona grp 000 0 eng  ac10000a264.1bDUG aDugmore, C W aEnglish Prayer Book 1549-1662 aLondonbSpckc1963 a114p aincludes index and biblioraphy2 aIndex aPrayer1 aT M Parker1 aE C Ratcliff bSRS cBK 001040708StackRoom-aHMIbHMId2007-07-11g100.00l0o264.1 DUGp07220r2007-07-11v100.00w2005-05-24yBK c4457d4457